Vivaldi, Las cuatro estaciones
En 1987 Herbert von Karajan y Anne-Sophie Mutter interpretan junto a la Orquesta Filarmónica de Berlín Las cuatro estaciones de Vivaldi, Concierto para violín, cuerdas y bajo continuo.
Guardado en:
| Autor Principal: | |
|---|---|
| Autores Corporativos: | , , |
| Otros Autores: | |
| Formato: | |
| Idioma: | Undetermined |
| Publicado: |
Berlin,
Telemondial ;
1990.
|
| Materias: | |
| Etiquetas: |
Agregar Etiqueta
Sin Etiquetas, Sea el primero en etiquetar este registro!
|
| LEADER | 01252ngm a22003135a 4500 | ||
|---|---|---|---|
| 001 | CEM.cems019867 | ||
| 008 | 221117s1990####xx#---############vlund#d | ||
| 005 | 20221117192800.0 | ||
| 245 | 1 | 0 | |a Vivaldi, Las cuatro estaciones |h [videograbación] / |c Herbert von Karajan. |
| 260 | |b Telemondial ; |a Berlin, |c 1990. | ||
| 300 | |a 47'. | ||
| 500 | |a Vivaldi, The four seasons. | ||
| 520 | |a En 1987 Herbert von Karajan y Anne-Sophie Mutter interpretan junto a la Orquesta Filarmónica de Berlín Las cuatro estaciones de Vivaldi, Concierto para violín, cuerdas y bajo continuo. | ||
| 505 | 0 | |a 01. La Primavera -- 02. Verano -- 03. Otoño -- 04. El Invierno | |
| 538 | |a Soporte: DVD -- Formato: DVD -- Peso: 2.94 gb -- Resolución: 720 x 480 -- 29.97 fps | ||
| 590 | |a Identificación anterior: M 13 | ||
| 100 | 1 | |a von Karajan, Herbert. | |
| 700 | 1 | |a Wild, Ernst; Director. | |
| 710 | 2 | |a Telemondial. | |
| 710 | 2 | |a Sender Freies Berlin. | |
| 710 | 2 | |a Sony. | |
| 653 | |a MÚSICA | ||
| 653 | |a MÚSICA CLÁSICA | ||
| 653 | |a ORQUESTA FILARMÓNICA | ||
| 653 | |a VIVALDI | ||
| 653 | |a LAS CUATRO ESTACIONES | ||
| 653 | |a HERBERT VON KARAJAN | ||
| 653 | |a ANNE SOPHIE MUTTER | ||
| 859 | |a CEMS |b BIB. CEMS - Depto. Recursos Didacticos |h 780 |i KAR |k DRD |p 2932.22 |t Ej.1 | ||
